[Event "Ricany op-A"]
[Site "Ricany"]
[Date "2007.08.26"]
[Round "2"]
[White "Zamrazil, Jan"]
[Black "Kubikova, Hana"]
[Result "0-1"]
[WhiteElo "1987"]
[BlackElo "2187"]
[PlyCount "104"]
[EventDate "2007.08.25"]
[EventType "swiss"]
[EventRounds "9"]
[EventCountry "CZE"]
[SourceTitle "EXT 2008"]
[Source "ChessBase"]
[SourceDate "2007.11.25"]
[SourceVersion "1"]
[SourceVersionDate "2007.11.25"]
[SourceQuality "1"]

1. e4 c5 2. Nc3 Nc6 3. f4 g6 4. Nf3 Bg7 5. g3 d6 6. d3 e6 7. Bg2 Nge7 8. Be3 Nd4 9. Rb1 0-0 10. Ne2 Nxe2 11. Qxe2 Qa5+ 12. c3 Qxa2 13. Kf2 Qa5 14. Ra1 Qc7 15. Ra3 Bd7 16. Rha1 a6 17. Nd2 Rac8 18. Kg1 Bc6 19. Nc4 Bb5 20. Nd2 Rfd8 21. Nf1 Bd7 22. Bf2 Nc6 23. Kh1 a5 24. Ne3 b5 25. Rc1 Rb8 26. Be1 a4 27. Ra2 Na5 28. c4 Nb3 29. Rb1 Nd4 30. Qd1 b4 31. Kg1 Qb6 32. Raa1 Rdc8 33. Nc2 Nxc2 34. Qxc2 a3 35. Qb3 Bxb2 36. Rxb2 axb2 37. Qxb2 Bc6 38. Bf3 Qd8 39. Bd2 Ra8 40. Kf2 Rxa1 41. Qxa1 Ra8 42. Qb2 Ra3 43. Bc1 f6 44. Qd2 Ra7 45. Bb2 e5 46. Bd1 Qa5 47. Bb3 Ba4 48. Bxa4 Qxa4 49. Ke3 Qb3 50. fxe5 fxe5 51. g4 Ra2 52. Qf2 Qxb2 0-1

[Event "Ricany op-A"]
[Site "Ricany"]
[Date "2006.08.30"]
[Round "7"]
[White "Zamrazil, Jan"]
[Black "Skacel, Jan"]
[Result "0-1"]
[WhiteElo "1674"]
[BlackElo "2109"]
[PlyCount "112"]
[EventDate "2006.08.24"]
[EventType "swiss"]
[EventRounds "9"]
[EventCountry "CZE"]
[SourceTitle "EXT 2007"]
[Source "ChessBase"]
[SourceDate "2006.11.23"]
[SourceVersion "1"]
[SourceVersionDate "2006.11.23"]
[SourceQuality "1"]

1. d4 Nf6 2. c4 g6 3. Nc3 Bg7 4. e4 d6 5. f4 0-0 6. Nf3 e5 7. dxe5 dxe5 8. Qxd8 Rxd8 9. Nxe5 Re8 10. Bd3 c6 11. 0-0 Na6 12. Re1 Nc5 13. Rb1 Ng4 14. Bc2 Nxe5 15. fxe5 Bxe5 16. Na4 Nxa4 17. Bxa4 Be6 18. Bb3 a5 19. c5 Bxb3 20. axb3 Rad8 21. Kh1 Rd3 22. Bg5 f6 23. Bh4 Kf7 24. Red1 Red8 25. Rxd3 Rxd3 26. Be1 Rxb3 27. Bxa5 Rxb2 28. Rd1 Ra2 29. Bb4 Ra1 30. Rxa1 Bxa1 31. Kg1 Bd4+ 32. Kf1 Ke6 33. Ke2 Bg1 34. h3 f5 35. Kf3 Bd4 36. Kf4 Be5+ 37. Kf3 Bg7 38. Ba5 Bd4 39. Bb6 h6 40. Kf4 g5+ 41. Kf3 f4 42. g3 fxg3 43. Kxg3 h5 44. Kf3 Bg1 45. Ba7 Ke5 46. Bb8+ Kd4 47. Bd6 Kc4 48. Be7 Bxc5 49. Bxg5 b5 50. e5 Kd5 51. Bf6 Ke6 52. Ke4 b4 53. Kd3 Be7 54. Bg7 Bg5 55. Kc2 c5 56. Kd3 Bf4 0-1

[Event "Krakonos op"]
[Site "Czech Republic"]
[Date "1993.??.??"]
[Round "2"]
[White "Zamrazil, Jan"]
[Black "Jinova, Lucie"]
[Result "0-1"]
[WhiteElo "1770"]
[BlackElo "1680"]
[PlyCount "94"]
[EventDate "1993.??.??"]
[EventType "swiss"]
[EventRounds "9"]
[EventCountry "CZE"]
[SourceTitle "EXT 2006"]
[Source "ChessBase"]
[SourceDate "2005.11.24"]
[SourceVersion "1"]
[SourceVersionDate "2005.11.24"]
[SourceQuality "1"]

1. e4 c5 2. Nc3 Nc6 3. f4 g6 4. Nf3 Bg7 5. Be2 Nf6 6. d3 0-0 7. Be3 b6 8. Qd2 e6 9. d4 cxd4 10. Nxd4 Bb7 11. e5 Ne8 12. Bf3 Na5 13. Bxb7 Nxb7 14. Ne4 f5 15. Ng5 Nc7 16. 0-0 Qe7 17. Rad1 Nd5 18. Rf3 Nxe3 19. Rxe3 Na5 20. Rc3 Rac8 21. Nb5 Rxc3 22. Qxc3 Nc6 23. Qa3 Qxa3 24. Nxa3 h6 25. Nf3 Rd8 26. Nb5 Kf7 27. Kf2 Bf8 28. Nd6+ Bxd6 29. Rxd6 Ke7 30. a3 Rg8 31. h4 Rc8 32. Ne1 Na5 33. b3 Nb7 34. Rd3 Nc5 35. Rd4 Ne4+ 36. Kf3 h5 37. c4 Rc7 38. Nd3 Nd2+ 39. Ke3 Nxb3 40. Nb2 Nxd4 41. Kxd4 d6 42. Nd3 Rd7 43. Kc3 a5 44. a4 d5 45. cxd5 exd5 46. Nb2 Ke6 47. Nd1 Rc7+ 0-1